Kódování /

Guardado en:
Detalles Bibliográficos
Autor principal: Adámek, Jiří (Autor)
Formato: Libro
Publicado: Praha : SNTL, 1989
Etiquetas: Agregar Etiqueta
Sin Etiquetas, Sea el primero en etiquetar este registro!

MARC

LEADER 00000nam a22000003a 4500
001 stu48814
005 20150617225712.1
008 ------s1989----cs----------------------d
040 |a STU  |b slo 
041 0
044 |a cs 
080 |a 519.725 
100 1 |a Adámek, Jiří  |4 aut 
245 1 |a Kódování /  |c [aut.] Adámek,Jiří 
260 |a Praha :  |b SNTL,  |c 1989 
300 |a 192 s 
996 |b J84504  |c J*84504/K 3  |l JJK3  |s P  |a 0  |w stu48814_0001